The micro millennium

সংরক্ষণ করুন:
গ্রন্থ-পঞ্জীর বিবরন
প্রধান লেখক: Evans, Christopher
বিন্যাস: গ্রন্থ
ভাষা:Undetermined
প্রকাশিত: New York Viking Press 1980
বিষয়গুলি:
ট্যাগগুলো: ট্যাগ যুক্ত করুন
কোনো ট্যাগ নেই, প্রথমজন হিসাবে ট্যাগ করুন!
Thư viện lưu trữ: Trung tâm Học liệu Trường Đại học Cần Thơ
LEADER 00488nam a2200181Ia 4500
001 CTU_97829
008 210402s9999 xx 000 0 und d
082 |a 001.6 
082 |b E92 
100 |a Evans, Christopher 
245 4 |a The micro millennium 
245 0 |c Christopher Evans 
260 |a New York 
260 |b Viking Press 
260 |c 1980 
650 |a Computers and civilization,Microcomputers 
904 |i M.Loan 
980 |a Trung tâm Học liệu Trường Đại học Cần Thơ